000 00325nam a2200133Ia 4500
008 100328s9999 xx 000 0 und d
082 _b31982
100 _aबुवा वि.आ.
245 _aफिरकी
260 _bभारतीय
630 _aफिरकी
730 _aफिरकी
942 _cBOOK
999 _c522796
_d522793